[Event "gorzyce wielkie"]
[Site "?"]
[Date "2020.02.08"]
[Round "10.4"]
[White "Chmielarz, Maciej"]
[Black "Michalski, Karol"]
[Result "1-0"]
[BlackElo "1946"]
[WhiteElo "1883"]
[LiveChessVersion "1.4.8"]

1. d4 {[%clk 0:03:03]} c5 {[%clk 0:03:03]} 2. d5 {[%clk 0:03:04]} d6
{[%clk 0:03:04]} 3. c4 {[%clk 0:03:05]} g6 {[%clk 0:03:06]} 4. Nc3
{[%clk 0:03:06]} Bg7 {[%clk 0:03:07]} 5. e4 {[%clk 0:03:07]} a6 {[%clk 0:03:05]}
6. a4 {[%clk 0:03:06]} Nd7 {[%clk 0:02:48]} 7. f3 {[%clk 0:03:05]} h5
{[%clk 0:02:42]} 8. Be3 {[%clk 0:03:05]} Ne5 {[%clk 0:02:41]} 9. Bd3
{[%clk 0:02:56]} Nxd3+ {[%clk 0:02:40]} 10. Qxd3 {[%clk 0:02:57]} Nf6
{[%clk 0:02:40]} 11. Nge2 {[%clk 0:02:53]} Nd7 {[%clk 0:02:41]} 12. f4
{[%clk 0:02:50]} Nf6 {[%clk 0:02:36]} 13. h3 {[%clk 0:02:33]} h4 {[%clk 0:02:37]}
14. O-O {[%clk 0:02:11]} Bd7 {[%clk 0:02:27]} 15. a5 {[%clk 0:02:10]} Qc8
{[%clk 0:02:28]} 16. Kh2 {[%clk 0:02:05]} Nh5 {[%clk 0:02:23]} 17. Rf3
{[%clk 0:01:36]} f5 {[%clk 0:02:24]} 18. Rb1 {[%clk 0:01:24]} Bf6
{[%clk 0:02:24]} 19. b4 {[%clk 0:01:10]} Qc7 {[%clk 0:02:18]} 20. bxc5
{[%clk 0:01:05]} dxc5 {[%clk 0:02:19]} 21. e5 {[%clk 0:01:01]} Bg7
{[%clk 0:02:18]} 22. Rb6 {[%clk 0:00:34]} Rd8 {[%clk 0:02:08]} 23. d6
{[%clk 0:00:32]} Qc8 {[%clk 0:02:04]} 24. Nd5 {[%clk 0:00:29]} Be6
{[%clk 0:02:05]} 25. Nxe7 {[%clk 0:00:22]} Qd7 {[%clk 0:02:01]} 26. Qb3
{[%clk 0:00:11]} Rb8 {[%clk 0:01:48]} 27. Rxa6 {[%clk 0:00:11]} g5
{[%clk 0:01:47]} 28. fxg5 {[%clk 0:00:08]} Bxe5+ {[%clk 0:01:48]} 29. Kg1
{[%clk 0:00:08]} Bxd6 {[%clk 0:01:43]} 30. Rxd6 {[%clk 0:00:03]} Qxd6
{[%clk 0:01:41]} 31. Ng6 {[%clk 0:00:05]} Rg8 {[%clk 0:01:40]} 32. Ngf4
{[%clk 0:00:06]} Nxf4 {[%clk 0:01:32]} 33. Bxf4 {[%clk 0:00:07]} Qc6
{[%clk 0:01:19]} 34. Bxb8 {[%clk 0:00:08]} Rxg5 {[%clk 0:01:15]} 35. Nf4
{[%clk 0:00:07]} Bf7 {[%clk 0:01:12]} 36. Qb5 {[%clk 0:00:06]} Kd7
{[%clk 0:01:07]} 37. Qxc6+ {[%clk 0:00:07]} Kxc6 {[%clk 0:01:08]} 38. Rb3
{[%clk 0:00:06]} Bxc4 {[%clk 0:01:09]} 39. Rb6+ {[%clk 0:00:07]} Kd7
{[%clk 0:01:09]} 40. Rxb7+ {[%clk 0:00:08]} Kc8 {[%clk 0:01:08]} 41. Rb6
{[%clk 0:00:09]} Rg3 {[%clk 0:01:06]} 42. Be5 {[%clk 0:00:10]} Ra3
{[%clk 0:01:05]} 43. Rb8+ {[%clk 0:00:06]} Kd7 {[%clk 0:01:06]} 44. Ra8
{[%clk 0:00:06]} Re3 {[%clk 0:01:03]} 45. Bb8 {[%clk 0:00:06]} Bb5
{[%clk 0:01:02]} 46. a6 {[%clk 0:00:07]} Bc6 {[%clk 0:01:03]} 47. Ra7+
{[%clk 0:00:08]} Kc8 {[%clk 0:01:04]} 48. Bd6 {[%clk 0:00:07]} Be4
{[%clk 0:00:58]} 49. Rc7+ {[%clk 0:00:08]} Kd8 {[%clk 0:00:59]} 50. a7
{[%clk 0:00:09]} Ra3 {[%clk 0:01:00]} 51. Rg7 {[%clk 0:00:10]} Ra1+
{[%clk 0:01:00]} 52. Kh2 {[%clk 0:00:11]} c4 {[%clk 0:00:59]} 53. Ne6+
{[%clk 0:00:12]} Ke8 {[%clk 0:01:01]} 54. Re7# {[%clk 0:00:13]} 1-0

[Event "gorzyce wielkie"]
[Site "?"]
[Date "2020.02.08"]
[Round "10.5"]
[White "Rosik, Jakub"]
[Black "Malecki, Eugeniusz"]
[Result "0-1"]
[BlackElo "1729"]
[WhiteElo "1847"]
[LiveChessVersion "1.4.8"]

1. e4 {[%clk 0:03:03]} c5 {[%clk 0:03:03]} 2. d4 {[%clk 0:03:04]} cxd4
{[%clk 0:03:04]} 3. c3 {[%clk 0:03:05]} dxc3 {[%clk 0:03:05]} 4. Nxc3
{[%clk 0:03:07]} e6 {[%clk 0:03:06]} 5. Nf3 {[%clk 0:03:08]} Bb4 {[%clk 0:03:06]}
6. Bc4 {[%clk 0:03:09]} Ne7 {[%clk 0:03:07]} 7. O-O {[%clk 0:03:10]} O-O
{[%clk 0:03:08]} 8. Qe2 {[%clk 0:03:11]} Nbc6 {[%clk 0:03:09]} 9. Rd1
{[%clk 0:03:12]} Ng6 {[%clk 0:03:09]} 10. a3 {[%clk 0:03:12]} Be7
{[%clk 0:03:10]} 11. g3 {[%clk 0:03:09]} a6 {[%clk 0:03:11]} 12. Ba2
{[%clk 0:03:09]} b5 {[%clk 0:03:07]} 13. b4 {[%clk 0:03:09]} Bb7 {[%clk 0:03:06]}
14. Be3 {[%clk 0:03:05]} d6 {[%clk 0:03:06]} 15. Rac1 {[%clk 0:03:03]} Qb8
{[%clk 0:03:01]} 16. h4 {[%clk 0:02:55]} Nge5 {[%clk 0:03:02]} 17. Nd4
{[%clk 0:02:49]} Nxd4 {[%clk 0:02:55]} 18. Bxd4 {[%clk 0:02:50]} Rc8
{[%clk 0:02:40]} 19. Bxe5 {[%clk 0:02:39]} dxe5 {[%clk 0:02:41]} 20. Rd7
{[%clk 0:02:35]} Re8 {[%clk 0:02:26]} 21. Nd1 {[%clk 0:02:21]} Bc8
{[%clk 0:02:19]} 22. Rdc7 {[%clk 0:02:19]} Qb6 {[%clk 0:02:06]} 23. Qc2
{[%clk 0:01:56]} Bb7 {[%clk 0:02:03]} 24. Ne3 {[%clk 0:01:25]} Rac8
{[%clk 0:02:00]} 25. Kg2 {[%clk 0:01:13]} Bxe4+ {[%clk 0:01:39]} 26. Qxe4
{[%clk 0:01:08]} Rxc7 {[%clk 0:01:40]} 27. Rd1 {[%clk 0:00:44]} Bf6
{[%clk 0:01:37]} 28. Bb1 {[%clk 0:00:43]} g6 {[%clk 0:01:37]} 29. h5
{[%clk 0:00:44]} Qc6 {[%clk 0:01:28]} 30. Qxc6 {[%clk 0:00:34]} Rxc6
{[%clk 0:01:28]} 31. hxg6 {[%clk 0:00:29]} hxg6 {[%clk 0:01:29]} 32. Be4
{[%clk 0:00:30]} Rc3 {[%clk 0:01:29]} 33. Bb7 {[%clk 0:00:29]} Rxa3
{[%clk 0:01:29]} 34. Rd6 {[%clk 0:00:27]} Be7 {[%clk 0:01:19]} 35. Rxa6
{[%clk 0:00:27]} Rxa6 {[%clk 0:01:18]} 36. Bxa6 {[%clk 0:00:28]} Rb8
{[%clk 0:01:16]} 37. Nc2 {[%clk 0:00:27]} f5 {[%clk 0:01:12]} 38. Na3
{[%clk 0:00:27]} Bxb4 {[%clk 0:01:11]} 39. Nxb5 {[%clk 0:00:28]} Rb6
{[%clk 0:01:10]} 40. Nc7 {[%clk 0:00:25]} Bd6 {[%clk 0:01:04]} 41. Nxe6
{[%clk 0:00:19]} Rxa6 {[%clk 0:01:04]} 0-1

[Event "gorzyce wielkie"]
[Site "?"]
[Date "2020.02.08"]
[Round "10.6"]
[White "Rozumek, Krzysztof"]
[Black "Barwinska, Ewa"]
[Result "1-0"]
[BlackElo "1460"]
[WhiteElo "1861"]
[LiveChessVersion "1.4.8"]

1. h3 {[%clk 0:03:03]} d5 {[%clk 0:02:59]} 2. c3 {[%clk 0:03:04]} e5
{[%clk 0:02:58]} 3. d4 {[%clk 0:03:05]} e4 {[%clk 0:02:55]} 4. Bf4
{[%clk 0:03:06]} Bd6 5. Bxd6 {[%clk 0:03:07]} Qxd6 {[%clk 0:02:56]} 6. e3
{[%clk 0:03:08]} Ne7 {[%clk 0:02:55]} 7. Ne2 {[%clk 0:03:08]} O-O
{[%clk 0:02:53]} 8. Nd2 {[%clk 0:03:09]} Be6 {[%clk 0:02:52]} 9. g4
{[%clk 0:03:09]} c6 {[%clk 0:02:49]} 10. Nf4 {[%clk 0:03:09]} a5 {[%clk 0:02:33]}
11. a4 {[%clk 0:03:07]} Ng6 {[%clk 0:01:59]} 12. Nh5 {[%clk 0:03:03]} Bd7
{[%clk 0:01:38]} 13. Nb3 {[%clk 0:02:46]} b5 {[%clk 0:01:16]} 14. Nc5
{[%clk 0:02:45]} Na6 {[%clk 0:00:54]} 15. Nb7 {[%clk 0:02:12]} Qc7
{[%clk 0:00:54]} 16. axb5 {[%clk 0:02:13]} Qxb7 {[%clk 0:00:48]} 17. bxa6
{[%clk 0:02:13]} Qxb2 {[%clk 0:00:48]} 18. Qc1 {[%clk 0:02:03]} Qxc1+
{[%clk 0:00:37]} 19. Rxc1 {[%clk 0:02:03]} Bc8 {[%clk 0:00:39]} 20. Ra1
{[%clk 0:01:35]} Bxa6 {[%clk 0:00:40]} 21. Rxa5 {[%clk 0:01:36]} Bxf1
{[%clk 0:00:41]} 22. Rxa8 {[%clk 0:01:18]} Rxa8 {[%clk 0:00:42]} 23. Kxf1
{[%clk 0:01:19]} Nh4 {[%clk 0:00:40]} 24. Rh2 {[%clk 0:01:08]} Nf3
{[%clk 0:00:37]} 25. Rh1 {[%clk 0:01:05]} Ra1+ {[%clk 0:00:29]} 26. Kg2
{[%clk 0:01:06]} Nh4+ {[%clk 0:00:29]} 27. Kh2 {[%clk 0:01:07]} Nf3+
{[%clk 0:00:30]} 28. Kg2 {[%clk 0:01:08]} Nh4+ {[%clk 0:00:22]} 29. Kh2
{[%clk 0:01:09]} Ra2 {[%clk 0:00:24]} 30. Kg3 {[%clk 0:01:05]} Ng6
{[%clk 0:00:21]} 31. Rc1 {[%clk 0:01:06]} h6 {[%clk 0:00:22]} 32. c4
{[%clk 0:01:07]} Ra8 {[%clk 0:00:16]} 33. cxd5 {[%clk 0:01:08]} cxd5
{[%clk 0:00:17]} 34. Rc5 Rd8 35. Rc7 {[%clk 0:01:08]} Rd6 {[%clk 0:00:13]} 36. h4
{[%clk 0:01:07]} Rd8 {[%clk 0:00:12]} 37. Kh3 {[%clk 0:01:06]} Kf8
{[%clk 0:00:11]} 38. Ng3 {[%clk 0:01:07]} Kg8 {[%clk 0:00:12]} 39. Nf5
{[%clk 0:01:07]} Nf8 {[%clk 0:00:12]} 40. Rc5 {[%clk 0:01:06]} Ng6
{[%clk 0:00:13]} 41. Rc7 {[%clk 0:01:05]} Nf8 {[%clk 0:00:13]} 42. Kg3
{[%clk 0:01:03]} Ne6 {[%clk 0:00:14]} 43. Ra7 {[%clk 0:01:01]} Kh7
{[%clk 0:00:10]} 44. Ra6 {[%clk 0:01:00]} g6 {[%clk 0:00:10]} 45. Nd6
{[%clk 0:00:59]} Kg7 {[%clk 0:00:11]} 46. Nb7 {[%clk 0:00:58]} Rb8
{[%clk 0:00:10]} 47. Na5 {[%clk 0:00:55]} Rd8 {[%clk 0:00:11]} 48. Rc6
{[%clk 0:00:52]} Ra8 {[%clk 0:00:11]} 49. Nb3 {[%clk 0:00:50]} Rb8
{[%clk 0:00:11]} 50. Nc1 {[%clk 0:00:49]} Rb1 {[%clk 0:00:12]} 51. Ne2
{[%clk 0:00:50]} Rb8 {[%clk 0:00:11]} 52. Nc3 {[%clk 0:00:51]} Rd8
{[%clk 0:00:12]} 53. Ra6 {[%clk 0:00:51]} Nc7 {[%clk 0:00:12]} 54. Ra5
{[%clk 0:00:52]} Kf6 {[%clk 0:00:12]} 55. Kf4 {[%clk 0:00:53]} g5+
{[%clk 0:00:13]} 56. hxg5+ {[%clk 0:00:52]} hxg5+ 57. Kg3 {[%clk 0:00:53]} Ke6
{[%clk 0:00:12]} 58. Rc5 {[%clk 0:00:55]} Rd7 {[%clk 0:00:09]} 59. Rc6+
{[%clk 0:00:54]} Ke7 {[%clk 0:00:08]} 60. Rc5 {[%clk 0:00:37]} f6
{[%clk 0:00:08]} 61. Kg2 {[%clk 0:00:37]} Ke6 {[%clk 0:00:09]} 62. Kf1
{[%clk 0:00:38]} Ke7 {[%clk 0:00:10]} 63. Ke2 {[%clk 0:00:39]} Ke6
{[%clk 0:00:11]} 64. Kd2 {[%clk 0:00:41]} Ke7 {[%clk 0:00:11]} 65. Kc2
{[%clk 0:00:42]} Ke6 {[%clk 0:00:11]} 66. Kb3 {[%clk 0:00:43]} f5
{[%clk 0:00:12]} 67. gxf5+ {[%clk 0:00:43]} Kxf5 {[%clk 0:00:13]} 68. Kb4
{[%clk 0:00:44]} Na6+ {[%clk 0:00:14]} 69. Kb5 {[%clk 0:00:44]} Nxc5
{[%clk 0:00:15]} 70. dxc5 {[%clk 0:00:46]} Ke5 {[%clk 0:00:08]} 71. Ne2
{[%clk 0:00:47]} g4 {[%clk 0:00:09]} 72. c6 {[%clk 0:00:47]} Rc7 {[%clk 0:00:10]}
73. Kb6 {[%clk 0:00:47]} Rc8 {[%clk 0:00:10]} 74. Kb7 {[%clk 0:00:48]} Rxc6
{[%clk 0:00:10]} 75. Kxc6 {[%clk 0:00:49]} Ke6 {[%clk 0:00:09]} 76. Kc5
{[%clk 0:00:51]} Ke5 {[%clk 0:00:10]} 77. Ng3 {[%clk 0:00:50]} Ke6
{[%clk 0:00:08]} 78. Kd4 {[%clk 0:00:51]} Kd6 {[%clk 0:00:10]} 79. Nf5+
{[%clk 0:00:52]} Ke6 {[%clk 0:00:11]} 80. Nh6 {[%clk 0:00:53]} Kd6
{[%clk 0:00:11]} 81. Nxg4 {[%clk 0:00:53]} Ke6 {[%clk 0:00:13]} 82. Nh2
{[%clk 0:00:52]} Kd6 {[%clk 0:00:14]} 83. Nf1 Ke6 84. Ng3 {[%clk 0:00:54]} Kd6
{[%clk 0:00:16]} 85. Nxe4+ {[%clk 0:00:55]} dxe4 {[%clk 0:00:17]} 86. Kxe4
{[%clk 0:00:56]} Ke6 {[%clk 0:00:19]} 87. f4 {[%clk 0:00:57]} Kf6
{[%clk 0:00:21]} 88. Kf3 {[%clk 0:00:58]} Ke6 {[%clk 0:00:22]} 89. e4
{[%clk 0:00:59]} Kf7 {[%clk 0:00:24]} 90. e5 {[%clk 0:01:00]} Ke6
{[%clk 0:00:25]} 91. Ke4 Ke7 92. Kd5 {[%clk 0:01:03]} Kd7 {[%clk 0:00:29]} 93.
e6+ {[%clk 0:01:03]} Ke7 {[%clk 0:00:30]} 94. Ke5 {[%clk 0:01:04]} Ke8
{[%clk 0:00:32]} 95. Kd6 {[%clk 0:01:06]} Kd8 {[%clk 0:00:33]} 96. e7+
{[%clk 0:01:07]} Ke8 {[%clk 0:00:35]} 97. f5 {[%clk 0:01:08]} Kf7
{[%clk 0:00:36]} 98. Kd7 {[%clk 0:01:09]} Kf6 {[%clk 0:00:38]} 99. e8=Q
{[%clk 0:01:09]} 1-0

[Event "gorzyce wielkie"]
[Site "?"]
[Date "2020.02.08"]
[Round "10.7"]
[White "Grzesiek, Karol"]
[Black "Zakrzewski, Marek"]
[Result "0-1"]
[BlackElo "2256"]
[WhiteElo "1815"]
[LiveChessVersion "1.4.8"]

1. e4 {[%clk 0:03:02]} c5 {[%clk 0:03:03]} 2. Nf3 {[%clk 0:03:02]} e6
{[%clk 0:03:04]} 3. b4 {[%clk 0:03:00]} b6 {[%clk 0:03:03]} 4. bxc5
{[%clk 0:02:47]} bxc5 {[%clk 0:03:03]} 5. Nc3 {[%clk 0:02:42]} Nc6
{[%clk 0:03:03]} 6. Bc4 {[%clk 0:02:40]} Nf6 {[%clk 0:03:02]} 7. O-O
{[%clk 0:02:40]} d6 {[%clk 0:02:31]} 8. d4 {[%clk 0:02:19]} cxd4 {[%clk 0:02:12]}
9. Nxd4 {[%clk 0:02:19]} Ne5 {[%clk 0:01:58]} 10. Bb5+ {[%clk 0:02:02]} Bd7
{[%clk 0:01:57]} 11. Bxd7+ {[%clk 0:01:41]} Qxd7 {[%clk 0:01:52]} 12. f4
{[%clk 0:01:27]} Nc4 {[%clk 0:01:52]} 13. Qd3 {[%clk 0:01:19]} Rc8
{[%clk 0:01:52]} 14. Kh1 {[%clk 0:01:11]} Be7 {[%clk 0:01:52]} 15. Nce2
{[%clk 0:00:54]} O-O {[%clk 0:01:49]} 16. c3 {[%clk 0:00:54]} g6 {[%clk 0:01:21]}
17. Be3 {[%clk 0:00:45]} d5 {[%clk 0:01:19]} 18. e5 {[%clk 0:00:39]} Ne4
{[%clk 0:01:19]} 19. f5 {[%clk 0:00:20]} exf5 {[%clk 0:01:15]} 20. Nf4
{[%clk 0:00:14]} Nxe5 {[%clk 0:01:07]} 21. Qe2 {[%clk 0:00:03]} Nxc3
{[%clk 0:01:05]} 22. Qe1 {[%clk 0:00:03]} Ne4 {[%clk 0:01:02]} 23. a4
{[%clk 0:00:03]} Rc4 {[%clk 0:01:01]} 24. Nb5 {[%clk 0:00:03]} a6
{[%clk 0:00:59]} 25. Na3 {[%clk 0:00:04]} Rxa4 {[%clk 0:00:56]} 26. Qd1
{[%clk 0:00:05]} Rxa3 {[%clk 0:00:53]} 27. Rxa3 {[%clk 0:00:04]} Bxa3
{[%clk 0:00:54]} 28. Bd4 {[%clk 0:00:05]} Nc6 {[%clk 0:00:45]} 29. Ba1 Rd8
{[%clk 0:00:32]} 30. Qb3 {[%clk 0:00:04]} Be7 {[%clk 0:00:29]} 31. Qa4
{[%clk 0:00:04]} Bf6 {[%clk 0:00:28]} 32. Bxf6 {[%clk 0:00:04]} Nxf6
{[%clk 0:00:29]} 33. Qxa6 {[%clk 0:00:04]} d4 {[%clk 0:00:28]} 34. Qa1
{[%clk 0:00:05]} Ne4 {[%clk 0:00:28]} 35. Qe1 {[%clk 0:00:05]} Qe7
{[%clk 0:00:25]} 36. Qe2 {[%clk 0:00:05]} Ne5 {[%clk 0:00:24]} 37. Qb2
{[%clk 0:00:03]} d3 {[%clk 0:00:24]} 38. Nxd3 Nxd3 0-1

[Event "gorzyce wielkie"]
[Site "?"]
[Date "2020.02.08"]
[Round "10.8"]
[White "Sobczak, Miroslaw"]
[Black "Piekielny, Pawel"]
[Result "1/2-1/2"]
[BlackElo "1773"]
[WhiteElo "1886"]
[LiveChessVersion "1.4.8"]

1. e4 {[%clk 0:03:04]} e6 {[%clk 0:03:04]} 2. d4 {[%clk 0:03:04]} d5
{[%clk 0:03:05]} 3. Nc3 {[%clk 0:03:06]} Nf6 {[%clk 0:03:06]} 4. Bg5
{[%clk 0:03:07]} dxe4 {[%clk 0:03:07]} 5. Nxe4 {[%clk 0:03:07]} Be7
{[%clk 0:03:08]} 6. Bxf6 {[%clk 0:03:07]} gxf6 {[%clk 0:03:09]} 7. Nf3
{[%clk 0:03:06]} f5 {[%clk 0:03:10]} 8. Nc3 {[%clk 0:03:06]} a6 {[%clk 0:03:12]}
9. Qd2 {[%clk 0:03:06]} b5 {[%clk 0:03:04]} 10. O-O-O {[%clk 0:03:03]} Qd6
{[%clk 0:03:05]} 11. a3 {[%clk 0:02:34]} Nd7 {[%clk 0:02:54]} 12. d5
{[%clk 0:02:35]} e5 {[%clk 0:02:56]} 13. g3 {[%clk 0:02:15]} Rb8 {[%clk 0:02:31]}
14. Na2 {[%clk 0:02:10]} Bb7 {[%clk 0:01:51]} 15. Bh3 {[%clk 0:02:10]} Qf6
{[%clk 0:01:31]} 16. Rhe1 {[%clk 0:02:06]} O-O {[%clk 0:01:22]} 17. Nb4
{[%clk 0:01:29]} Bd6 {[%clk 0:00:40]} 18. Qg5+ {[%clk 0:01:23]} Qxg5+
{[%clk 0:00:40]} 19. Nxg5 {[%clk 0:01:23]} Nb6 {[%clk 0:00:35]} 20. Bxf5
{[%clk 0:01:22]} a5 {[%clk 0:00:29]} 21. Nc6 {[%clk 0:01:21]} Bxc6
{[%clk 0:00:30]} 22. dxc6 {[%clk 0:01:22]} h6 {[%clk 0:00:28]} 23. Ne4
{[%clk 0:01:22]} Be7 {[%clk 0:00:25]} 24. h4 {[%clk 0:01:06]} Rbd8
{[%clk 0:00:26]} 25. Rxd8 {[%clk 0:00:59]} Rxd8 {[%clk 0:00:28]} 26. Rd1
{[%clk 0:01:00]} Rxd1+ {[%clk 0:00:21]} 27. Kxd1 {[%clk 0:01:01]} Nc4
{[%clk 0:00:16]} 28. Kc1 {[%clk 0:00:59]} b4 {[%clk 0:00:17]} 29. axb4
{[%clk 0:00:58]} axb4 {[%clk 0:00:19]} 30. b3 {[%clk 0:00:56]} Nd6
{[%clk 0:00:17]} 31. Nxd6 {[%clk 0:00:56]} Bxd6 {[%clk 0:00:18]} 32. Kd2
{[%clk 0:00:55]} Bc5 {[%clk 0:00:16]} 33. Ke2 {[%clk 0:00:49]} Kg7
{[%clk 0:00:15]} 34. f3 {[%clk 0:00:30]} Kf6 {[%clk 0:00:16]} 35. Bd3
{[%clk 0:00:30]} Ke7 {[%clk 0:00:09]} 36. Bf5 {[%clk 0:00:29]} Bd4
{[%clk 0:00:09]} 37. g4 {[%clk 0:00:26]} f6 {[%clk 0:00:10]} 38. Kd3
{[%clk 0:00:25]} Kd6 {[%clk 0:00:11]} 39. Bd7 {[%clk 0:00:22]} Bb2
{[%clk 0:00:11]} 40. Ke4 {[%clk 0:00:23]} Bc1 {[%clk 0:00:11]} 41. Kf5
{[%clk 0:00:24]} Ke7 {[%clk 0:00:12]} 42. Kg6 {[%clk 0:00:16]} Bd2
{[%clk 0:00:12]} 43. Kf5 {[%clk 0:00:05]} Bc1 {[%clk 0:00:09]} 44. Ke4
{[%clk 0:00:06]} Kd6 {[%clk 0:00:10]} 45. Kf5 {[%clk 0:00:06]} Ke7
{[%clk 0:00:12]} 46. Ke4 Kd6 47. Kf5 Ke7 48. g5 fxg5 49. hxg5 hxg5 50. Kxe5 Bf4+
51. Ke4 1/2-1/2

[Event "gorzyce wielkie"]
[Site "?"]
[Date "2020.02.08"]
[Round "10.9"]
[White "Czerwinska, Milena"]
[Black "Drozdzynski, Arkadiusz"]
[Result "1-0"]
[BlackElo "1649"]
[WhiteElo "1834"]
[LiveChessVersion "1.4.8"]

1. e4 {[%clk 0:03:03]} c5 {[%clk 0:03:02]} 2. Nf3 {[%clk 0:03:03]} d6
{[%clk 0:03:03]} 3. d4 {[%clk 0:03:03]} cxd4 {[%clk 0:03:03]} 4. Nxd4
{[%clk 0:03:04]} Nf6 {[%clk 0:03:04]} 5. Nc3 {[%clk 0:03:03]} a6 {[%clk 0:03:05]}
6. Be3 {[%clk 0:03:03]} Nbd7 {[%clk 0:03:05]} 7. f3 {[%clk 0:02:58]} e6
{[%clk 0:03:06]} 8. Qd2 {[%clk 0:02:58]} Be7 {[%clk 0:03:06]} 9. O-O-O
{[%clk 0:02:57]} Qc7 {[%clk 0:03:07]} 10. g4 {[%clk 0:02:55]} b6 {[%clk 0:03:06]}
11. g5 {[%clk 0:02:31]} Ng8 {[%clk 0:03:06]} 12. h4 {[%clk 0:02:28]} Bb7
{[%clk 0:03:07]} 13. Kb1 {[%clk 0:02:24]} O-O-O {[%clk 0:03:06]} 14. Bd3
{[%clk 0:02:04]} Nc5 {[%clk 0:03:05]} 15. Qe2 {[%clk 0:01:35]} Kb8
{[%clk 0:03:02]} 16. Rhg1 {[%clk 0:01:26]} Bf8 {[%clk 0:02:59]} 17. Nb3
{[%clk 0:01:22]} Ne7 {[%clk 0:02:59]} 18. Nxc5 {[%clk 0:01:18]} dxc5
{[%clk 0:02:43]} 19. Bxa6 {[%clk 0:01:17]} Nc6 {[%clk 0:02:42]} 20. Bxb7
{[%clk 0:01:08]} Kxb7 {[%clk 0:02:43]} 21. Rxd8 {[%clk 0:01:01]} Qxd8
{[%clk 0:02:43]} 22. Rd1 {[%clk 0:01:02]} Qe8 {[%clk 0:02:25]} 23. Qb5
{[%clk 0:00:50]} Be7 {[%clk 0:02:22]} 24. Na4 {[%clk 0:00:49]} Bd8
{[%clk 0:01:52]} 25. Nxc5+ {[%clk 0:00:49]} Kc7 {[%clk 0:01:33]} 26. Na6+
{[%clk 0:00:46]} Kb7 {[%clk 0:01:34]} 27. Nc5+ {[%clk 0:00:40]} Kc7
{[%clk 0:01:35]} 28. Rd7+ {[%clk 0:00:38]} Qxd7 {[%clk 0:01:29]} 29. Nxd7
{[%clk 0:00:38]} Kxd7 {[%clk 0:01:30]} 30. Bxb6 {[%clk 0:00:36]} Be7
{[%clk 0:01:30]} 31. Bc5 {[%clk 0:00:26]} Bd8 {[%clk 0:01:27]} 32. Qb7+
{[%clk 0:00:27]} Bc7 {[%clk 0:01:29]} 33. Bb6 {[%clk 0:00:25]} Rc8
{[%clk 0:01:30]} 34. a4 {[%clk 0:00:25]} Ne5 {[%clk 0:01:21]} 35. Bxc7
{[%clk 0:00:20]} Rxc7 {[%clk 0:01:22]} 36. Qb5+ {[%clk 0:00:22]} Nc6
{[%clk 0:01:22]} 37. a5 {[%clk 0:00:10]} Kc8 {[%clk 0:01:23]} 38. c3
{[%clk 0:00:08]} Na7 {[%clk 0:01:10]} 39. Qe8+ {[%clk 0:00:06]} Kb7
{[%clk 0:01:11]} 40. b4 {[%clk 0:00:06]} Nc6 {[%clk 0:01:06]} 41. Kb2
{[%clk 0:00:06]} Ne5 {[%clk 0:01:06]} 42. Kb3 {[%clk 0:00:06]} Nxf3
{[%clk 0:01:05]} 43. Qb5+ {[%clk 0:00:06]} Kc8 {[%clk 0:01:06]} 44. a6
{[%clk 0:00:07]} f6 {[%clk 0:01:04]} 45. Qe8# {[%clk 0:00:07]} 1-0

[Event "gorzyce wielkie"]
[Site "?"]
[Date "2020.02.08"]
[Round "10.10"]
[White "Hemmerling, Jaroslaw"]
[Black "Kot, Jerzy"]
[Result "1-0"]
[BlackElo "1831"]
[WhiteElo "1615"]
[LiveChessVersion "1.4.8"]

1. e4 {[%clk 0:03:02]} c5 {[%clk 0:03:03]} 2. Nf3 {[%clk 0:03:02]} g6
{[%clk 0:03:04]} 3. d4 {[%clk 0:03:03]} cxd4 {[%clk 0:03:05]} 4. Qxd4
{[%clk 0:03:04]} Nf6 {[%clk 0:03:06]} 5. e5 {[%clk 0:03:05]} Nc6 {[%clk 0:03:07]}
6. Qa4 {[%clk 0:03:06]} Nd5 {[%clk 0:03:03]} 7. c4 {[%clk 0:03:04]} Nc7
{[%clk 0:02:55]} 8. Be2 {[%clk 0:02:22]} Bg7 {[%clk 0:02:55]} 9. Bf4
{[%clk 0:02:23]} O-O {[%clk 0:02:50]} 10. Nc3 {[%clk 0:02:24]} Ne6
{[%clk 0:02:49]} 11. Bg3 {[%clk 0:02:22]} Ned4 {[%clk 0:02:48]} 12. Nxd4
{[%clk 0:02:03]} Nxd4 {[%clk 0:02:47]} 13. O-O {[%clk 0:01:55]} b6
{[%clk 0:02:34]} 14. Rad1 {[%clk 0:01:47]} Ne6 {[%clk 0:02:34]} 15. Bf3
{[%clk 0:01:39]} Nc5 {[%clk 0:02:33]} 16. Qc2 {[%clk 0:01:33]} Rb8
{[%clk 0:02:26]} 17. e6 {[%clk 0:01:32]} d6 {[%clk 0:02:21]} 18. exf7+
{[%clk 0:01:29]} Rxf7 {[%clk 0:02:22]} 19. b4 {[%clk 0:01:30]} Ne6
{[%clk 0:02:17]} 20. Bd5 {[%clk 0:01:20]} Kh8 {[%clk 0:02:18]} 21. Rfe1
{[%clk 0:01:03]} Rf6 {[%clk 0:02:19]} 22. Ne4 {[%clk 0:00:21]} Rf5
{[%clk 0:02:17]} 23. c5 {[%clk 0:00:15]} bxc5 {[%clk 0:02:10]} 24. bxc5
{[%clk 0:00:17]} Rb2 {[%clk 0:02:04]} 25. Qc4 {[%clk 0:00:15]} Nc7
{[%clk 0:01:43]} 26. cxd6 {[%clk 0:00:11]} Nxd5 {[%clk 0:01:44]} 27. Rxd5
{[%clk 0:00:11]} exd6 {[%clk 0:01:39]} 28. Rxd6 {[%clk 0:00:10]} Qe8
{[%clk 0:01:37]} 29. Qc7 {[%clk 0:00:10]} Bb7 {[%clk 0:01:33]} 30. Rd8
{[%clk 0:00:10]} Qxd8 {[%clk 0:01:28]} 31. Qxd8+ {[%clk 0:00:11]} Rf8
{[%clk 0:01:29]} 32. Qd7 {[%clk 0:00:11]} Bxe4 {[%clk 0:01:30]} 33. Bd6
{[%clk 0:00:09]} Rg8 {[%clk 0:01:17]} 34. Qe6 {[%clk 0:00:07]} Bf5
{[%clk 0:01:15]} 35. Qe7 {[%clk 0:00:07]} Rxa2 36. Be5 {[%clk 0:00:09]} h5
{[%clk 0:01:11]} 37. Bxg7+ {[%clk 0:00:08]} Rxg7 {[%clk 0:01:12]} 38. Qe8+
{[%clk 0:00:09]} Kh7 {[%clk 0:01:14]} 39. h3 {[%clk 0:00:11]} a5 {[%clk 0:01:11]}
40. Qf8 {[%clk 0:00:10]} Rd2 {[%clk 0:01:09]} 41. Re8 {[%clk 0:00:11]} Kh6
{[%clk 0:01:03]} 42. h4 {[%clk 0:00:12]} Rdd7 {[%clk 0:01:03]} 43. Qh8+
{[%clk 0:00:12]} Rh7 {[%clk 0:01:04]} 44. Qf6 {[%clk 0:00:12]} Rdf7
{[%clk 0:00:59]} 45. Qg5+ {[%clk 0:00:13]} Kg7 {[%clk 0:01:00]} 46. f3
{[%clk 0:00:13]} a4 {[%clk 0:01:01]} 47. g4 {[%clk 0:00:14]} hxg4
{[%clk 0:01:00]} 48. fxg4 {[%clk 0:00:15]} Bd7 {[%clk 0:01:00]} 49. Re7
{[%clk 0:00:16]} Rxe7 {[%clk 0:00:58]} 50. Qxe7+ {[%clk 0:00:17]} Kh6
{[%clk 0:00:59]} 51. Qe3+ {[%clk 0:00:17]} Kg7 {[%clk 0:01:00]} 52. Qe7+
{[%clk 0:00:19]} Kg8 {[%clk 0:01:01]} 53. Qd8+ {[%clk 0:00:19]} Kf7
{[%clk 0:01:00]} 54. Qxd7+ {[%clk 0:00:20]} Kg8 {[%clk 0:01:00]} 55. Qxa4
{[%clk 0:00:21]} 1-0